<?xml version="1.0" encoding="UTF-8"?>
<collection xmlns="http://www.loc.gov/MARC21/slim">
 <record>
  <leader>01739nam a2200241Ia 4500</leader>
  <controlfield tag="001">CTU_228330</controlfield>
  <controlfield tag="008">210402s9999    xx            000 0 und d</controlfield>
  <datafield tag="082" ind1=" " ind2=" ">
   <subfield code="a">343.597034</subfield>
  </datafield>
  <datafield tag="082" ind1=" " ind2=" ">
   <subfield code="b">Ng419</subfield>
  </datafield>
  <datafield tag="088" ind1=" " ind2=" ">
   <subfield code="a">60380107</subfield>
  </datafield>
  <datafield tag="100" ind1=" " ind2=" ">
   <subfield code="a">Nguyễn, Thị Như Ngọc</subfield>
  </datafield>
  <datafield tag="245" ind1=" " ind2="0">
   <subfield code="a">Pháp luật về hóa đơn giá trị gia tăng – thực trạng và giải pháp :</subfield>
  </datafield>
  <datafield tag="245" ind1=" " ind2="0">
   <subfield code="b">Luận văn thạc sỹ Luật học chuyên ngành: Luật kinh tế</subfield>
  </datafield>
  <datafield tag="245" ind1=" " ind2="0">
   <subfield code="c">Nguyễn Thị Như Ngọc ; Lê Thị Nguyệt Châu (hướng dẫn khoa học)</subfield>
  </datafield>
  <datafield tag="260" ind1=" " ind2=" ">
   <subfield code="a">Cần Thơ</subfield>
  </datafield>
  <datafield tag="260" ind1=" " ind2=" ">
   <subfield code="b">Trường Đại học Cần Thơ</subfield>
  </datafield>
  <datafield tag="260" ind1=" " ind2=" ">
   <subfield code="c">2018</subfield>
  </datafield>
  <datafield tag="520" ind1=" " ind2=" ">
   <subfield code="a">Mục đích nghiên cứu đề tài là tìm ra các luận cứ khoa học; phân tích, đánh giá về hóa đơn GTGT trong giai đoạn hiện nay ở nước ta và đi sâu vào nghiên cứu, đánh giá các quy định hiện hành, cũng như thực tiễn áp dụng pháp luật và quy định pháp luật về hóa đơn GTGT. Qua đó, chỉ rõ những hạn chế, vướng mắc, bất cập trong các quy định hiện hành, đặc biệt là về quản lý, sử dụng, xử lý vi phạm về hóa đơn GTGT; tìm ra nguyên nhân và kiến nghị sửa đổi, bổ sung một số quy định và trong qúa trình áp dụng pháp luật trên phạm vi cả nước.</subfield>
  </datafield>
  <datafield tag="650" ind1=" " ind2=" ">
   <subfield code="a">Thuế,Taxation</subfield>
  </datafield>
  <datafield tag="650" ind1=" " ind2=" ">
   <subfield code="x">Luật và pháp luật,Law and legislation</subfield>
  </datafield>
  <datafield tag="650" ind1=" " ind2=" ">
   <subfield code="z">Việt Nam,Vietnam</subfield>
  </datafield>
  <datafield tag="910" ind1=" " ind2=" ">
   <subfield code="b">dqhieu</subfield>
  </datafield>
  <datafield tag="980" ind1=" " ind2=" ">
   <subfield code="a">Trung tâm Học liệu Trường Đại học Cần Thơ</subfield>
  </datafield>
 </record>
</collection>
